[Event "Cagliari Alfa Lum op 3rd"]
[Site "Cagliari"]
[Date "2012.08.31"]
[Round "2"]
[White "Pistis, Sofia"]
[Black "Pes, Eleonora"]
[Result "1/2-1/2"]
[WhiteElo "1474"]
[BlackElo "1617"]
[PlyCount "62"]
[EventDate "2012.08.31"]
[EventType "swiss"]
[EventRounds "6"]
[EventCountry "ITA"]
[SourceTitle "EXT 2014"]
[Source "ChessBase"]
[SourceDate "2013.11.20"]
[SourceVersion "1"]
[SourceVersionDate "2013.11.20"]
[SourceQuality "1"]

1. e4 d5 2. exd5 Nf6 3. Nc3 Bf5 4. Bc4 c6 5. dxc6 Nxc6 6. Bb5 e5 7. Nf3 Bg4 8. h3 Bxf3 9. Qxf3 Qb6 10. 0-0 Bc5 11. Bxc6+ Qxc6 12. Qxc6+ bxc6 13. d3 0-0 14. Bg5 Nd5 15. Nxd5 cxd5 16. Rfe1 f6 17. Be3 Rfc8 18. c3 Rab8 19. Rab1 Rb5 20. Bxc5 Rbxc5 21. Re2 Rb8 22. Rd2 Rxc3 23. bxc3 Rxb1+ 24. Kh2 Rc1 25. d4 e4 26. Rb2 Rxc3 27. Rb3 Rxb3 28. axb3 Kf7 29. Kg3 Ke6 30. Kf4 Kd6 31. h4 a5 1/2-1/2

[Event "ITA-ch (Women) 39th"]
[Site "Acqui Terme"]
[Date "2012.07.24"]
[Round "2"]
[White "Gueci, Tea"]
[Black "Pistis, Sofia"]
[Result "1-0"]
[WhiteElo "1926"]
[BlackElo "1474"]
[PlyCount "39"]
[EventDate "2012.07.23"]
[EventType "swiss"]
[EventRounds "8"]
[EventCountry "ITA"]
[SourceTitle "EXT 2023"]
[Source "ChessBase"]
[SourceDate "2022.10.05"]
[SourceVersion "1"]
[SourceVersionDate "2022.10.05"]
[SourceQuality "1"]

1. e4 e5 2. Nf3 Nc6 3. d4 exd4 4. Nxd4 Qh4 5. Nc3 Bb4 6. Be2 Qxe4 7. Ndb5 Bxc3+ 8. bxc3 Kd8 9. 0-0 Nf6 10. Bd3 Qd5 11. c4 Qe5 12. Ba3 a6 13. Re1 Qh5 14. Be2 Qf5 15. Nxc7 Ra7 16. Nd5 Nxd5 17. cxd5 Ne5 18. Qd4 Ra8 19. Bd3 Nxd3 20. Qb6# 1-0